000 01067cam a22002891i 4500
003 EG-ScBUE
005 20250326094043.0
008 710326t1968 enkab f bd 00110 engmd
020 _a0471164763
020 _a0471164755
040 _aEG-ScBUE
_beng
_erda
_cEG-ScBUE
_dEG-ScBUE
082 0 4 _a526
_bCOL
_222
100 1 0 _aCole, J. P.
_q(John Peter),
_d1928-
_eauthor.
245 1 0 _aQuantitative geography :
_btechniques and theories in geography /
_cJohn P. Cole, lecturer in geography, Nottingham University, Cuchlaine A. M. King, reader in geography, Nottingham University.
264 1 _aLondon :
_bJohn Wiley & Sons Ltd,
_c[1968]
264 4 _cc1968
300 _ax, 692 pages :
_billustrations, maps ;
_c24 cm
336 _2rdacontent
_atext
_btxt
337 _2rdamedia
_aunmediated
_bn
338 _2rdacarrier
_avolume
_bnc
500 _aIncludes glossary.
504 _aIncludes bibliographical references and index.
650 7 _aGeography
_xMathematics.
_2BUEsh
655 _vReading book
700 1 0 _aKing, Cuchlaine A. M.,
_eauthor.
942 _2ddc
_cBB
999 _c28771
_d28742